| 000 | 00409pam a2200157a 44500 | ||
|---|---|---|---|
| 008 | 230405s2006 xxu||||| |||| 00| 0 eng d | ||
| 041 | _aENG | ||
| 100 | _aCHAVAN U D | ||
| 245 | _aAGRICULTURAL KNOWLEDGE AT A GLANCE | ||
| 250 | _a1 Ed. | ||
| 260 |
_aPUNE _bSAN PUB _c2006 |
||
| 300 | _a330p. | ||
| 440 | _aBHARATI MADHYVARTI SAHKARI GRAHAK BHANDR, PUNE, B-813343 | ||
| 700 | _aBHOITE U Y | ||
| 906 | _a1391 | ||
| 999 |
_c290269 _d290269 |
||